Statistiken für Liste der UEFA-Champions League Sieger

Klicken Sie hier um das Quiz zu spielen!

Allgemein

  • Dieses Quiz wurde 1.289 mal gespielt
  • Das Durchschnittsergebnis liegt bei 12 aus 22

Antwortstatistiken

AnzahlVerein% Korrekt
9Real Madrid
98%
4FC Barcelona
88%
4FC Bayern München
84%
3Manchester United
80%
7AC Mailand
79%
1Borussia Dortmund
78%
3Inter Mailand
76%
5FC Liverpool
75%
2Juventus Turin
71%
1FC Chelsea
69%
4Ajax Amsterdam
64%
2FC Porto
62%
1Hamburger SV
52%
2Benfica Lissabon
41%
1Olympique Marseille
38%
2Nottingham Forest
33%
1Roter Stern Belgrad
32%
1Celtic Glasgow
28%
1PSV Eindhoven
28%
1Aston Villa
22%
1Steaua Bukarest
21%
1Feyenoord Rotterdam
19%

Verteilung der Resultate

Perzentil nach korrekt beantworteten Fragen

Anzahl Personen mit jedem Resultat

Ihre Resultats-Entwicklung

Sie haben dieses Quiz noch nicht gespielt